Представление документа в формате MARC21

Поле Инд. ПП Название Значение
Тип записи a
Библиографический уровень b
001 Контрольный номер RU/IS/BASE/160847482
005 Дата корректировки 20200522190707.3
084 a Индекс другой классификации/Индекс ББК 87.3(2)5
100 1_ a Автор Миголатьев А. А.
245 10 a Заглавие Русская философия XVIII в.
504 a Библиография Библиогр. ссылки
600 14 a Персоналии Ломоносов Михаил Васильевич
a Персоналии Радищев Александр Николаевич
650 04 a Основная рубрика история философии
a Основная рубрика философия
653 0_ a Ключевые слова XVIII век
a Ключевые слова Россия
a Ключевые слова русская философия
a Ключевые слова социальная философия
773 18 t Заглавие источника Социально-гуманитарные знания
d Дата издания источника 2001
g Прочая информация № 3. - С. 80 - 90
w Контрольный № источника RU/IS/BASE/139676203
901 t Тип документа b